[Event "EU-chT (Men) 11th"]
[Site "Pula"]
[Date "1997.05.??"]
[Round "7.4"]
[White "Manninen, Marko"]
[Black "Felsberger, Alfred"]
[Result "1-0"]
[WhiteElo "2380"]
[BlackElo "2395"]
[Annotator "Avrukh,B"]
[PlyCount "73"]
[EventDate "1997.05.05"]
[EventType "team-swiss"]
[EventRounds "9"]
[EventCountry "CRO"]
[SourceTitle "CBM 057 Extra"]
[Source "ChessBase"]
[SourceDate "1997.05.01"]
[SourceVersion "1"]
[SourceVersionDate "1997.05.01"]
[SourceQuality "1"]
[WhiteTeam "Finland"]
[BlackTeam "Austria"]
[WhiteTeamCountry "FIN"]
[BlackTeamCountry "AUT"]

1. d4 Nf6 2. c4 e6 3. Nf3 b6 4. g3 Ba6 5. Nbd2 Bb7 6. Bg2 c5 7. d5 exd5 8. Nh4
b5 $146 (8... g6 9. cxd5 Bg7 10. Nc4 (10. e4 O-O 11. O-O d6 12. Qc2 Na6 13. a3
b5 14. Rb1 c4 15. b4 {[%csl Ga6]} Nc7 16. Bb2 Nce8 17. Ndf3 Nd7 18. Nd4 $16 {
Czerwonski Aleksander-Bobras Piotr/Ch Poland, Brzeg Dolny (Poland) 1996/1-0 
(45)}) 10... O-O 11. O-O d6 12. Bf4 Ba6 13. Rc1 Bxc4 14. Rxc4 b5 15. Rc2 Qb6
16. e4 Nbd7 17. Re1 Rfe8 18. b4 Rac8 19. bxc5 Nxc5 20. e5 Nh5 21. e6 Nxf4 22.
gxf4 f5 $15 {0-1 Browne,W-Ivanov,A/Linares NL 1992 (38)}) (8... Qe7 9. O-O g6
10. cxd5 Nxd5 11. Ne4 Bc6 12. b4 Bg7 13. bxc5 O-O 14. Rb1 bxc5 15. Ba3 d6 16.
Qd2 Nd7 17. Nxd6 Qxd6 18. e4 N7b6 19. exd5 (19. Rfc1 $1 {Avrukh,B.}) 19... Bxd5
20. Rbc1 Rac8 21. Rfd1 Rfd8 22. Qa5 Qc6 23. Re1 Qf6 24. Bxc5 Bxg2 25. Nxg2 $11
{Korchnoi,V-Polugaevsky,L/Monaco 1992/1-0 (67)}) (8... Qc7 9. cxd5 Bxd5 10. e4
Bb7 11. O-O Nc6 12. e5 Ng8 13. Nc4 Nd4 14. Be3 Bxg2 15. Nxg2 b5 16. Bxd4 cxd4
17. Nd2 $16 {1-0 Manninen,M-Lassila,E/Jyvaskyla op 1994 (31)}) (8... Be7 9. Nf5
O-O 10. O-O Re8 11. cxd5 Bf8 12. Nc4 Ba6 13. b3 d6 14. Bf4 Nh5 15. Bd2 Bc8 16.
e4 Nf6 17. Qc2 Na6 18. Rfe1 b5 {1/2-1/2 Bjork,C-Polak,T/EUCup Gr4 Berlin 1996})
9. cxd5 d6 (9... Bxd5 10. e4 $1 (10. Bxd5 Nxd5 11. Ne4 Nb6 12. Nd6+ Bxd6 13.
Qxd6 {[%cal Gh4f5]} Qe7 14. Nf5 Qxd6 15. Nxd6+ Ke7 16. Nxb5 a6 17. Nc3 $14)
10... Bc6 (10... Bb7 11. O-O Be7 12. e5 Bxg2 13. exf6 Bxf1 14. fxe7 Qxe7 15.
Nxf1 $16) 11. e5 $1 (11. O-O d6) 11... Bxg2 12. Nxg2 Nd5 13. O-O Nc6 14. Ne4
Nd4 15. Be3 $16 {[%csl Ge8]}) 10. O-O Bxd5 $6 {gives to white very serious
attacking chances,only for pawn dawn.} (10... g6 $142 11. a4 (11. e4 Bg7 12. a4
b4 13. f4 O-O 14. Nhf3 Re8 15. Qc2 c4 $1) 11... b4 12. Nc4 Ba6 13. Qc2 Bg7 14.
Bf4 Bxc4 15. Qxc4 O-O 16. Nf3 Re8 $13) 11. Bxd5 ({another way was.} 11. e4 Bc6
12. a4 $5 (12. Nf5 $2 g6) (12. Re1 Be7 13. Nf5 O-O 14. Nb3 $44) 12... bxa4 (
12... b4 {[%csl Gc4]} 13. Nc4 Be7 14. Nf5 O-O 15. Ncxd6 $16) 13. e5 dxe5 14.
Bxc6+ Nxc6 15. Qxa4 Qd7 16. Nc4 {[%cal Gc4b6]} Rb8 17. Re1 $44) 11... Nxd5 12.
Ne4 (12. a4 $5 bxa4 (12... b4 $2 13. Ne4 Nb6 14. a5) 13. Qxa4+ Qd7 (13... Nd7
14. Qe4+ Ne7 15. Nc4 $18) 14. Nc4 (14. Qe4+ Qe6 15. Nf5 Nc6) 14... Qxa4 $1 (
14... Nc6 15. Nf5 Rc8 16. e4 Nb6 17. Nxb6 axb6 18. Rd1 g6 19. Ne3 $36 {[%csl
Rb6,Rd6,Rf6][%cal Ge3c4,Ge3d5]}) 15. Rxa4 Nd7 16. Ra6 (16. Nf5 N7b6) 16... N7b6
17. Nxb6 Nxb6 18. Bf4 $44 {[%cal Gf1a1]}) 12... Nb6 13. Nc3 Qd7 (13... b4 14.
Nd5 N8d7 15. a3 $1 Nxd5 16. Qxd5 Nb6 17. Qe4+ (17. Qc6+ Qd7 18. Qxd7+ Kxd7)
17... Qe7 18. Qf3 $1 $16 (18. Qxe7+ Bxe7 19. Nf5 g6)) 14. e4 Na6 (14... g6 15.
Bf4 (15. Qd3 b4 16. Nd5 Bg7 {and white nas nothing.}) 15... b4 (15... Be7 16.
Ng2 O-O 17. Ne3 $44) 16. Nd5 Bg7 17. Nxb6 axb6 18. Bxd6 Bxb2 19. Rb1 Bd4 20. e5
Nc6 21. Qe2 $44) 15. a4 b4 (15... bxa4 16. Nxa4 Nxa4 17. Rxa4 Nb4 18. Bd2 $1
Be7 19. Nf5 g6 20. Bc3 $16) 16. a5 (16. Nb5 $142 Nc7 (16... g6 17. Bf4 Rd8 18.
Qe2 $40 {[%cal Ga4a5,Ga1d1,Ge4e5] And white has exellent attacking chances.})
17. Nxc7+ Qxc7 18. a5 Nd7 19. b3 {And black cannot to develop kingside .})
16... Nc8 $2 (16... bxc3 17. axb6 axb6 18. Qd5 (18. bxc3 g6 (18... Be7 19. Nf5
O-O 20. Qg4 $18 {[%cal Gg4d7]}) 19. Qd3 b5 (19... Nc7 20. Rxa8+ Nxa8 21. Qa6 (
21. Qd5 Nc7 22. Qb7 b5 23. Bg5 Be7 24. Bxe7 Kxe7) 21... Qc6 $11) 20. Ra5 Nc7)
18... Ra7 19. bxc3 Be7 20. Nf5 O-O 21. Bf4 $14) 17. Nd5 $16 {[%csl Ga6,Rc8,Ge8,
Rf8]} Ne7 18. Bg5 $1 (18. Nxe7 Bxe7 19. Nf5 g6) 18... Nxd5 19. exd5 f6 $8 20.
Bxf6 $1 (20. Re1+ Kf7 21. Qh5+ Kg8 22. Bxf6 $2 gxf6 23. Nf5 Qf7 24. Qf3 {
[%cal Ge1e4,Ge4g4]} h5 $19) 20... gxf6 21. Qe2+ Be7 22. Qxa6 O-O {black
parryed white's attack, but white now has almost strategically winning
position,because of weaknees on e6, a nice field for white's knight.} 23. Ng2 {
[%cal Gg2f4,Gf4e6]} f5 24. Nf4 Bf6 25. Qe2 ({also possible} 25. Rab1) 25...
Rfe8 26. Ne6 {now white has a very easy plan for win ; first to protect b3
pawn Rad1 ,b3;and second to win comfortably f5 pawn,that will help to create
decisive attack.} Qb7 27. Rad1 Bd4 {the only chance to create something,but
unfourtanetly the double rook ending is also losing for black.} 28. Qd2 (28.
Qc2 b3) 28... Qxd5 29. Nxd4 Qxd4 30. Qxd4 cxd4 31. Rxd4 {[%csl Gb4,Gd6,Gf5]}
Re2 (31... b3 32. Rfd1 Re2 33. R1d2) 32. Rxb4 $18 Rc8 33. Rb7 Rcc2 34. b4 d5
35. Rxa7 d4 36. Rd7 Rc4 37. a6 1-0

[Event "EU-chT (Men) 11th"]
[Site "Pula"]
[Date "1997.05.??"]
[Round "1.2"]
[White "Garcia Ilundain, David"]
[Black "Yudasin, Leonid"]
[Result "1/2-1/2"]
[WhiteElo "2500"]
[BlackElo "2600"]
[Annotator "Avrukh,B"]
[PlyCount "66"]
[EventDate "1997.05.05"]
[EventType "team-swiss"]
[EventRounds "9"]
[EventCountry "CRO"]
[SourceTitle "CBM 057 Extra"]
[Source "ChessBase"]
[SourceDate "1997.05.01"]
[SourceVersion "1"]
[SourceVersionDate "1997.05.01"]
[SourceQuality "1"]
[WhiteTeam "Spain"]
[BlackTeam "Israel"]
[WhiteTeamCountry "ESP"]
[BlackTeamCountry "ISR"]

1. d4 Nf6 2. Nf3 e6 3. c4 b6 4. g3 Ba6 5. b3 Bb4+ 6. Bd2 Be7 7. Bg2 d5 8. cxd5
exd5 9. Nc3 O-O 10. O-O Bb7 11. Rc1 Re8 (11... Na6 12. Bf4 c5 13. Qc2 Ne4 14.
Rfd1 Nxc3 15. Qxc3 Bf6 16. Be5 Bxe5 17. Nxe5 Re8 18. e3 Nb4 19. Qb2 cxd4 20.
Rxd4 Rxe5 21. Rxb4 $16 {[%csl Gd5] 1-0 Granda Zuniga-Kengis/32nd Chess
Olympiad, Yerevan 1996 (39)}) 12. Bf4 (12. Ne5 Nbd7 13. Bf4 c6 14. e4 Nf8 15.
exd5 cxd5 16. Bh3 Ba3 (16... a6 17. Na4 Bd6 18. Be3 $1 $14 b5 19. Nc5 Bc8 (
19... Bxc5 20. Rxc5 Ne6 21. Rc2 $14) 20. Bg2 Bxe5 21. dxe5 Rxe5 22. Bd4 Re8 (
22... Rf5 $2 23. f4 $16) 23. Bxf6 Qxf6 24. Bxd5 Bh3 $1 $132 {Epishin,V-Yudasin,
L/Biel (izt) 1993/1/2-1/2 (66)} (24... Ra7 25. Ne4 Qg6 26. Nd6 $18)) 17. Rc2 a6
18. Na4 Ne6 19. Bc1 Bd6 {1/2-1/2 Epishin,V-Aseev,K/URS-ch58 Moscow 1991}) 12...
Na6 13. Qc2 (13. Ne5 c5 $1 {[%csl Gd4] and black's position is very
comfortable.} (13... c6 14. e4 Nc7 (14... Ba3 15. Rc2 (15. Rb1 Bb4 16. exd5 $1
cxd5 (16... Bxc3 $2 17. dxc6 Bc8 18. Rc1 Qxd4 19. c7 Qxd1 20. Rfxd1 Bxe5 21.
Bxe5 Rxe5 22. Bxa8 {and white must win.}) 17. Nb5 $14)) 15. exd5 cxd5 16. Bg5
Ne6 17. Bxf6 Bxf6 18. f4 $14)) 13... h6 (13... c5 {not so bad , but gives to
white a strong play against d pawn.} 14. Rfd1 (14. dxc5 bxc5 15. Rfd1 {[%csl
Gc5,Gd5]} Qd7 $13) 14... Qd7 (14... Nb4 15. Qb1) 15. Be5 $14 {with typical
idea 16 Ng5}) (13... c6 $5) 14. Rfd1 (14. Rcd1 $5) 14... Ba3 (14... c6 15. Qb2
(15. Ne5 Ba3 {Leads to game's continuation.} (15... Nc7 $2 16. Nxc6 $1 {
[%cal Gc1c7]} Bxc6 17. Bxc7 Qxc7 18. Nxd5 $18)) 15... Nc7 16. Bxc7 Qxc7 17. Ne5
Qd6 18. e3 Rac8 $11) 15. Ra1 {[%cal Gc3b1]} (15. Rb1 c6 (15... Nb4 $5 16. Qd2
Ne4 17. Nxe4 dxe4 18. Ne5 {[%csl Ga3][%cal Ge5c4]} b5 $1 $13) 16. Ne5 Nb4 17.
Qd2 a5 18. Ra1 {[%cal Rc3b1]} Na6 {and white has nothing.}) 15... c6 {[%cal
Ga6c7,Gc7e6] typical manoeuvre in this line.} (15... Nb4 $6 16. Qd2 c6 17. Ne5
{[%cal Gc3b1] and black has to play 17...Na6} (17. Nb1 $4 Ne4 $19)) 16. Ne5 Nc7
17. Nxc6 $1 {[%csl Ga3][%cal Gc2c7]} (17. e4 Ne6 (17... dxe4 18. Nxe4 Ncd5 19.
Bc1 Bf8 20. Bb2 $11) 18. Be3 Rc8 $15) 17... Bxc6 18. Bxc7 Qxc7 19. Nb5 Qe7 20.
Nxa3 (20. Qxc6 $4 Rac8) 20... Rac8 21. Qb2 (21. Nb1 Bb5 (21... Qxe2 22. Qxe2
Rxe2 23. Nc3 Re7 $11) 22. Nc3 Bxe2 23. Re1 Qb4 24. Rac1 Ba6 $11) 21... Qxe2 $11
22. Qxe2 Rxe2 23. Bf1 (23. Rdc1 Bd7 24. Rxc8+ Bxc8 25. Nb5 a6 26. Nc3 Rd2 27.
Rd1 $11) 23... Re7 (23... Rb2 24. Rdb1 Rxb1 (24... Rd2 25. Rd1) 25. Rxb1 Bd7
26. f3 Rc3 27. Kf2 $11 {[%cal Gb1e1,Ge1e3]}) 24. Rac1 Rcc7 25. f3 (25. Nb5 Bxb5
26. Bxb5 Ne4 27. Bc6 Rc8 $1 28. b4 (28. Bxd5 $2 Nc3 {[%cal Gc3e2,Gc3d5]} 29.
Bf3 Rec7 $19) 28... Rec7 29. b5 Nd6 30. Rb1 Nf5 {[%cal Gf5e7]} 31. Bxd5 Rd8 $11
) 25... Ne8 26. Kf2 Kf8 27. Rd2 Bb7 28. Rxc7 Nxc7 29. Nc2 Ne6 30. Bh3 Ng5 31.
Bg4 (31. Bf1 Rc7 $11) 31... Nh7 $1 32. h4 Nf6 33. Bf5 Rc7 1/2-1/2

[Event "Copenhagen Aruna"]
[Site "Copenhagen"]
[Date "1997.05.04"]
[Round "3"]
[White "Hjartarson, Johann"]
[Black "Hansen, Sune Berg"]
[Result "1-0"]
[WhiteElo "2585"]
[BlackElo "2505"]
[Annotator "Avrukh,B"]
[PlyCount "112"]
[EventDate "1997.04.02"]
[EventType "tourn"]
[EventRounds "9"]
[EventCountry "DEN"]
[EventCategory "10"]
[SourceTitle "CBM 059"]
[Source "ChessBase"]
[SourceDate "1997.08.01"]
[SourceVersion "1"]
[SourceVersionDate "1997.08.01"]
[SourceQuality "1"]

1. d4 Nf6 2. c4 e6 3. Nf3 b6 4. g3 Ba6 5. b3 Bb4+ 6. Bd2 Be7 7. Nc3 {The best
known continuation of course - 7Bg2.} O-O 8. e4 d5 9. cxd5 Bxf1 10. Kxf1 exd5
11. e5 Ne4 12. Kg2 (12. Rc1 c5 $1 13. Kg2 Nc6 $10 {Karpov,A-Sokolov,A (m8)
Linares 1987.}) 12... Qd7 13. Qe2 Nxc3 14. Bxc3 c5 (14... Nc6 $6 15. Rhe1 Nd8
16. Ng1 c5 17. f4 $14 {Karpov,A-Sokolov,A (m10) Linares 1987.}) 15. Rad1 (15.
e6 $5 fxe6 (15... Qxe6 16. Qxe6 fxe6 17. Rhe1 Bf6 18. Rxe6 Na6 19. Rae1 Nc7 20.
R6e2 Nb5 21. Bb2 cxd4 22. Rd2 Rae8 23. a4 Nc3 24. Rxe8 Rxe8 25. Nxd4 Ne4 {
Ribli,Z-Browne,W Thessaloniki(ol) 1984}) 16. Rhe1 Bf6 17. Qxe6+ Qxe6 18. Rxe6
$14) (15. Rhe1 Qe6 16. Ng1 Nc6 17. dxc5 (17. Rad1 $2 cxd4 18. Bxd4 Bb4 19. Rf1
Nxd4 20. Rxd4 Bc3 21. Rh4 Qxe5 22. Qd3 g6 23. Nf3 Qg7 24. Qxd5 $11) 17... d4
18. Bd2 Bxc5 19. Qe4 Rfe8 20. f4 Rad8 21. Nf3 d3 22. Ng5 $2 (22. Rad1 f5 23.
exf6 $1 Qxe4 24. f7+ $10) 22... Qd5 $15 {0-1 Agdestein,S-Karpov,A/Gjovik m
1991 (49)}) 15... Nc6 16. Rd2 Qe6 17. Rhd1 Rfd8 (17... Rad8 18. Qe3 h6 (18...
Rfe8 19. Bb2 h6 20. Ne1 f6 21. exf6 Qxe3 22. fxe3 Bxf6 23. dxc5 Bxb2 24. Rxb2
Rxe3 $11 {1/2-1/2 Petursson,M-Van der Wiel,J/Reykjavik 1985 (49)}) 19. Bb2 Rd7
20. Ne1 cxd4 21. Bxd4 Nxd4 22. Qxd4 Bc5 23. Qa4 Rfd8 24. Nd3 d4 25. Re2 Qd5+
26. f3 Qb7 27. Rc1 b5 28. Qa5 Qb6 29. Qxb6 Bxb6 30. f4 {gave white a very
pleasant ending. Pinter,J-Stoica,V/Thessaloniki olm 1984/1-0 (56)}) 18. Ng1 {
[%cal Gg1h3,Gh3f4]} (18. Qe3 h6 19. Ng1 f6 20. exf6 Qxe3 21. fxe3 Bxf6 22. Ne2
cxd4 23. Nxd4 Bxd4 24. Bxd4 Nxd4 25. Rxd4 Rac8 26. e4 Re8 27. exd5 Re2+ 28. Kh3
Rxa2 {and black made a draw in this ending. Polugaevsky,L-Sosonko,G/
Thessaloniki (ol) 1984/1/2-1/2 (55)}) 18... Rac8 $146 (18... cxd4 19. Bxd4 Bb4
{1/2-1/2 Olafsson,H-Polugaevsky,L/Sochi 1988}) 19. Nh3 cxd4 20. Bxd4 Qf5 $6 (
20... Bb4 $142 21. Rd3 (21. Nf4 Qf5 22. Rd3 Qe4+ $1 $15) 21... Re8 $1 (21...
Qf5 22. Bb2 Qe4+ 23. Qxe4 dxe4 24. Rxd8+ Rxd8 25. Rxd8+ Nxd8 26. Ng5 $16) 22.
Nf4 (22. Bb2 d4 23. f4 (23. Bxd4 Nxe5 24. Bxe5 (24. Re3 Qc6+ 25. Kg1 Ng6 $11)
24... Qxe5 25. Qxe5 Rxe5 26. Rd7 a5 $11) 23... f6 (23... Qd5+ 24. Qf3 $14) 24.
Bxd4 fxe5 $11) 22... Qf5 23. Bb2 d4 24. Bxd4 Nxd4 $2 (24... Bd6 $1 $11) 25.
Rxd4 Bc3 26. Rd5 $1 Bxe5 27. Nd3 $16) 21. Bb2 Qe4+ (21... d4 $2 22. Bxd4 Nxd4
23. Rxd4 Rxd4 24. Rxd4 Rc2 25. Qd1 $1 $16 (25. Qb5 {also enough.})) 22. Qf3 (
22. Qxe4 dxe4 23. Nf4 $14 {[%csl Ge4]}) 22... Rc7 {with idea : 23 Rd5-Qf3
26Kf3-Rd5 27Rd5 - Nb4 and white hasn't 28Rd7.} (22... Qxf3+ 23. Kxf3 Rc7 24.
Nf4 (24. Rxd5 Rxd5 25. Rxd5 Nb4 $11) 24... d4 25. Ke4 $1 (25. Bxd4 Rcd7 26. Ke4
Nxd4 27. Rxd4 Rxd4+ 28. Rxd4 Rxd4+ 29. Kxd4 Bc5+ 30. Kd5 Bxf2 $11) 25... Bc5
26. Nd3 $16 {[%cal Gf2f4,Gd2c2,Gd1c1]}) 23. Qxe4 $2 (23. Nf4 $1 Qxf3+ 24. Kxf3
d4 25. Ke4 {and white has a clear advantage in this ending. See previous note.}
) 23... dxe4 {Black has a good chances to maintain the balance , because white
is not succesfull to win e4 pawn.Black has enough time to get real
counterchances.} 24. Rxd8+ (24. Nf4 Kf8) 24... Nxd8 25. Nf4 Kf8 26. Ba3 (26.
Rd2 g5 (26... Nb7 27. Re2 Nc5 28. Ba3 Rd7 29. Bxc5 Bxc5 30. Rxe4 g5 (30... Rd2
31. Re2) 31. Nh3 h6 32. Re2 $16) 27. Ne2 (27. Nd5 Rd7 28. Kf1 Ne6 29. Ke2 Bc5 (
29... g4 $5 {[%csl Gh2][%cal Ge6g5,Gg5f3]}) 30. Nf6 Rxd2+ 31. Kxd2 Bxf2 32.
Nxe4 Bg1 $11) 27... Ne6 $11) 26... Rc8 27. Bxe7+ Kxe7 28. Rd4 g5 (28... e3 29.
Nd5+ Ke6 30. Nxe3 Kxe5 31. Rd7 $16) 29. Nd5+ Ke6 30. Nb4 Nb7 $2 {Decisive
mistake, after which white cannot to save this ending.} (30... a5 $1 31. Rd6+
Kf5 32. Na6 (32. Nd5 Kxe5 33. Nxb6 Kxd6 34. Nxc8+ Kc5 $15) 32... Ne6 (32...
Kxe5 $5 33. Rxb6 Rc2 34. Rb5+ Kf6 35. Nc5 e3 36. Ne4+ Kg6 $11) 33. Rxb6 Rc2 34.
Rb7 Rxa2 35. Rxf7+ Kxe5 $11) (30... Kxe5 $4 31. Rxd8 $18) (30... Kf5 $6 31. Rd7
{gives white some chances.}) 31. Rxe4 Nc5 32. Re2 a5 33. Nc2 Nd3 34. Nd4+ Kd5
35. Nf5 $1 Rc1 (35... Rc7 36. Rd2 Kxe5 37. Rxd3 Kxf5 38. Rd5+ $16) (35... Rc3
36. Re3 {winning immediately.}) 36. Rd2 Rc3 (36... Kxe5 37. Rxd3 Kxf5 38. Rd5+
Kg6 (38... Ke6 39. Rxg5 f5 40. Rh5 $18) 39. Rd6+ f6 40. Rxb6 Ra1 41. a4 Rb1 42.
g4 $1 {and white must win.}) 37. Ne3+ Ke4 38. Nd1 Rc2 $8 39. Rxc2 Ne1+ 40. Kh3
Nxc2 41. Kg4 $18 {All the rest is easy technical job.} h6 42. f4 gxf4 43. gxf4
Nb4 44. Nc3+ Kd4 45. Nb5+ Kc5 46. a4 Nd5 47. Kf5 Kb4 48. Ke4 Ne7 49. Nd4 h5 50.
f5 Kc3 51. f6 Ng6 52. e6 fxe6 53. f7 Nf8 54. Ke5 Nd7+ 55. Kxe6 Nf8+ 56. Ke7 Nh7
{Black is hopeless against manoeuvre - Ne6-g5} 1-0

[Event "USA-ch GpA"]
[Site "San Diego"]
[Date "2006.03.08"]
[Round "6"]
[White "Ibragimov, Ildar"]
[Black "Fernandez, Daniel"]
[Result "1-0"]
[WhiteElo "2635"]
[BlackElo "2423"]
[Annotator "Avrukh,B"]
[PlyCount "69"]
[EventDate "2006.03.02"]
[EventType "swiss"]
[EventRounds "9"]
[EventCountry "USA"]
[SourceTitle "CBM 112"]
[Source "ChessBase"]
[SourceDate "2006.06.07"]
[SourceVersion "1"]
[SourceVersionDate "2006.06.07"]
[SourceQuality "1"]

1. c4 Nf6 2. d4 e6 3. Nf3 b6 4. g3 Ba6 5. Nbd2 c5 6. Bg2 Bb7 7. e4 $5 cxd4 (
7... Nxe4 $2 8. Ne5) 8. e5 Ng4 9. O-O d6 $5 {Starting forced play which leads
to quite comfortable positions for Black.} (9... Nc6 10. h3 Nh6 11. Ne4 Be7 12.
Bf4 O-O 13. Nxd4 Nxd4 14. Qxd4 Nf5 15. Qd3 Qc7 16. Rad1 Rfd8 17. b3 Rac8 18.
Qe2 $14 {1/2-1/2 Agdestein,S-Carlsen,M/Oslo 2005 (80)}) (9... Qc7 10. Re1 f5
11. exf6 Nxf6 12. Nxd4 Bxg2 13. Kxg2 Bc5 14. N2b3 Bxd4 15. Qxd4 Nc6 16. Qc3 O-O
$13 {1-0 Malakhatko,V-Soltanici,R/Kusadasi 2006 (42)}) 10. h3 Nxe5 11. Nxe5
Bxg2 12. Nxf7 Kxf7 13. Kxg2 Nd7 {Black's king is stuck in the centre, so he
can't afford himself to protect the pawn on d4.} (13... d5 $6 14. Qg4 Nc6 15.
Nf3 Qd7 (15... Qf6 16. cxd5 exd5 17. Qh5+ $16) 16. Rd1 $36) 14. Ne4 Be7 15.
Qxd4 Nc5 16. Re1 d5 $1 ({Less accurate is} 16... Qd7 17. Ng5+ (17. Bg5 Nxe4 18.
Bxe7 Nxg3 19. fxg3 Qxe7 20. Rf1+ Kg8 21. Qe4 $36) 17... Bxg5 18. Bxg5 Qc6+ 19.
Kg1 Rhe8 20. Rad1 $14 {and White keeps some pressure.}) 17. Nxc5 Bxc5 18. Qf4+
Qf6 19. cxd5 exd5 20. Qc7+ Kg6 {The king is perfectly safe on g6.} 21. Bf4 Rhe8
(21... h6) 22. Qd7 Rad8 23. Qg4+ Kf7 24. Rxe8 Rxe8 25. Rd1 Kg8 $6 {Black is
throwing a well-played game away in just a couple of moves. The pawn on d5 is
far too important to give it up, so Black should've played} (25... d4 26. Qd7+
(26. b4 Bxb4 27. Qd7+ Re7 28. Qd5+ Qe6 $11) 26... Re7 27. Qd5+ Qe6 $11) 26. Qf3
$14 Kh8 $2 {It was necessary to take on b2, even though White is clearly
better in that case because he manages to put a bishop on e5.} (26... Qxb2 27.
Qxd5+ Kh8 28. Rd2 Qf6 29. Be5 $1 Qg6 30. f4 Qb1 31. Rd1 Qc2+ 32. Qd2 Qxd2+ 33.
Rxd2 Kg8 34. Kf3 $14) 27. Rxd5 $18 Rf8 (27... Qxb2 $2 28. Be5 $1 Qxa2 29. Bxg7+
Kxg7 30. Rg5+ Kh6 31. Qf6#) 28. b3 h6 29. h4 Qb2 30. Rd2 Qb1 31. Qd3 Qa1 32.
Re2 Qf6 33. h5 Qf7 34. Re5 Qb7+ 35. Qd5 1-0

[Event "St Petersburg"]
[Site "St Petersburg"]
[Date "1997.04.22"]
[Round "6"]
[White "Epishin, Vladimir"]
[Black "Komarov, Dimitri"]
[Result "1-0"]
[WhiteElo "2600"]
[BlackElo "2615"]
[Annotator "Avrukh,B"]
[PlyCount "45"]
[EventDate "1997.??.??"]
[EventType "tourn"]
[EventRounds "11"]
[EventCountry "RUS"]
[EventCategory "14"]
[SourceTitle "CBM 059"]
[Source "ChessBase"]
[SourceDate "1997.08.01"]
[SourceVersion "1"]
[SourceVersionDate "1997.08.01"]
[SourceQuality "1"]

1. d4 Nf6 2. c4 e6 3. Nf3 b6 4. g3 Ba6 5. Qb3 {This rare continuation becomes
nowadays very popular,with help of A.Fominyh, which he sucsesfully playing
last two years .} c5 6. d5 exd5 7. cxd5 c4 $2 (7... d6 8. Bg2 g6 9. O-O Bg7 10.
Nc3 O-O 11. Bf4 (11. a4 Re8 12. Re1 Ne4 13. Nxe4 Rxe4 14. Ng5 Rb4 15. Qf3 Qf6
16. Ne6 fxe6 17. dxe6 Nc6 18. Qxc6 Rf8 19. Bf4 $16 {Groszpeter,A-Stajcic,N/
Kecskemet 1993/1-0 (53)}) 11... Re8 (11... Qe7 12. Rfe1 Nbd7 13. a4 Ng4 14. Bg5
Bf6 15. Bxf6 Qxf6 16. h3 Nge5 17. Nd2 c4 18. Qc2 Nc5 19. Nce4 $14 {
Fominyh-Obukhov 1997}) 12. Rfe1 Ne4 13. Qc2 Qe7 14. Nxe4 Qxe4 15. Qxe4 Rxe4 16.
Bxd6 Nd7 17. Rab1 Rxe2 18. Rxe2 Bxe2 $11 {1/2-1/2 Fominyh,A-Epishin,V/RUS-ch
m3-4 1997 (34)}) (7... g6 8. Bf4 d6 9. Bg2 Bg7 10. Qe3+ Kf8 11. Nc3 h6 12. Qc1
Qe7 13. O-O Nbd7 14. h3 Re8 15. a4 {1/2-1/2 Peric,S-Epishin,V/Open, Geneva SUI
1997}) 8. Qe3+ Qe7 9. Nc3 Qxe3 10. Bxe3 Bb4 11. Bd4 $1 $146 (11. O-O-O Bxc3 12.
bxc3 Bb7 13. Bd4 Nxd5 14. Bxg7 Rg8 15. Bd4 Nc6 16. Bg2 Nf4 $132 {Renman,
N-Schneider,L/Eksjo 1981/1/2-1/2 (85)}) 11... Nxd5 $6 (11... Ke7 12. O-O-O d6 (
12... Re8 $2 13. d6+ $1 Bxd6 14. Bxf6+ gxf6 15. Nd5+ Kd8 16. Nxf6 Re6 17. Nxh7
$18) (12... Bb7 13. e4 {[%cal Gf1c4]} Bxc3 14. Bxc3 Nxe4 15. Re1 f5 (15... Bxd5
16. Ng5 f5 17. f3 $18) 16. Ng5 Kf8 17. Nxe4 fxe4 18. Bxc4 $18 {[%csl Gc3,Rc4]})
13. e4 Nbd7 14. Nh4 g6 (14... Rhd8 15. Nf5+ (15. f4 $5 Kf8 16. e5 Bxc3 17. Bxc3
dxe5 18. fxe5 Ng4 19. e6 Nf2 20. Nf5 $1 Kg8 21. Bg2 Nxh1 22. Bxh1 $16) 15...
Kf8 16. a3 Bc5 17. b4 Bxd4 18. Nxd4 $16) 15. f4 Rhe8 16. e5 Ng4 17. Nf3 $16)
12. Bxg7 Rg8 13. O-O-O $1 Ne7 (13... Bxc3 14. Bxc3 Nxc3 15. bxc3 Bb7 16. Bh3 $1
(16. Bg2 b5 {with some countrplay for black.}) 16... b5 17. Bf5 Rg7 18. Rd6 {
[%cal Gh1d1,Gf3e5] with great advantage.}) 14. Be5 Nbc6 15. Ne4 O-O-O (15...
Nxe5 $2 16. Nf6+ $18) 16. Nd6+ Bxd6 17. Bxd6 Rg6 (17... Nf5 18. Bh3 Nxd6 19.
Rxd6 Kc7 20. Rhd1 Bc8 21. Bf5 Rg7 22. h4 $16 {[%cal Gh4h6]}) (17... Nf5 18. Bf4
$1 (18. Bh3 Nxd6 19. Rxd6 Rg6 20. Rd2 Rh6 21. Bg4 (21. Bf5 Ne7) 21... Kc7 22.
Rhd1 d6 $14) (18. Ba3 $5) 18... Nce7 19. e4 Bb7 20. Bxc4 Bxe4 21. Ba6+ Bb7 22.
Bxb7+ Kxb7 23. Ne5 $16) 18. Rd2 $1 {[%csl Ge2][%cal Gh2h4,Gf1h3,Gh1d1]} (18.
Bh3 Rh6 $1 (18... c3 19. Bxe7 cxb2+ 20. Kxb2 Nxe7 21. Ne5 $18)) 18... Nf5 19.
Bf4 Bb7 (19... Ng7 $142 20. Bh3 Ne6 21. Bd6 {and white's position is
strategically winning.}) 20. e4 $18 {[%cal Rf1c4]} Nb4 21. exf5 Bxf3 22. fxg6
Bxh1 23. gxf7 {There is no defence against 24 Bd6} 1-0